[Event "OP-2022-0-05297"]
[Site "LSS email"]
[Date "2022.06.08"]
[Round "?"]
[White "Tobey, Al"]
[Black "Sulis, Giovanni"]
[Result "0-1"]
[WhiteElo "513"]
[BlackElo "1848"]
[PlyCount "70"]
[EventDate "2022.06.03"]
[EventType "tourn (corr)"]
[EventRounds "4"]
[EventCountry "GER"]
[SourceTitle "Corr 2024"]
[Source "ChessBase"]
[SourceDate "2023.10.19"]
[SourceVersion "1"]
[SourceVersionDate "2023.10.19"]
[SourceQuality "1"]

1. e4 e5 2. Nf3 Nc6 3. Be2 Nf6 4. d3 d5 5. 0-0 Bc5 6. exd5 Nxd5 7. Nbd2 0-0 8. Ne4 Be7 9. Bd2 f5 10. Ng3 Be6 11. Re1 Qd6 12. Bg5 Rae8 13. c4 Nf4 14. Bxe7 Rxe7 15. Bf1 Rd7 16. Ng5 h6 17. Nxe6 Nxe6 18. Qh5 Nf4 19. Qf3 Nd4 20. Qd1 Qc6 21. Rxe5 Nh3+ 22. gxh3 Nf3+ 23. Kh1 Nxe5+ 24. Bg2 Qc5 25. Bd5+ Rxd5 26. cxd5 Qxf2 27. Qe2 Qd4 28. Nh5 Qxd5+ 29. Kg1 Re8 30. Nf4 Qd4+ 31. Kh1 Qxf4 32. Rf1 Qa4 33. b3 Qc6+ 34. Kg1 Re6 35. d4 Rg6+ 0-1

[Event "IECG TE.2006.S.02102 email"]
[Site "IECG email"]
[Date "2007.12.10"]
[Round "2"]
[White "Daenen, Serge"]
[Black "Sulis, Giovanni"]
[Result "1-0"]
[WhiteElo "1850"]
[BlackElo "1902"]
[PlyCount "55"]
[EventDate "2007.12.10"]
[EventType "tourn (corr)"]
[EventRounds "12"]
[SourceTitle "Corr 2024"]
[Source "ChessBase"]
[SourceDate "2023.10.19"]
[SourceVersion "1"]
[SourceVersionDate "2023.10.19"]
[SourceQuality "1"]

1. e4 c5 2. f4 d5 3. Nf3 dxe4 4. Ng5 Nf6 5. Bc4 Bg4 6. Bxf7+ Kd7 7. Qxg4+ Nxg4 8. Be6+ Kc7 9. Bxg4 Qe8 10. Ne6+ Kb6 11. d3 exd3 12. Na3 a6 13. Be3 Ka7 14. 0-0-0 Qg6 15. Bh3 Qe4 16. Rhe1 b6 17. Rxd3 Qa4 18. g3 Nc6 19. Bg2 Nb4 20. Rd2 Rc8 21. Red1 Nc6 22. Rd7+ Kb8 23. f5 g5 24. Bxg5 Rg8 25. Bf4+ Qxf4+ 26. Nxf4 Bh6 27. Bd5 Rge8 28. Nc4 1-0

[Event "IECG CB.2007.0.00173 email"]
[Site "IECG email"]
[Date "2007.08.17"]
[Round "?"]
[White "Wisham, Clyde"]
[Black "Sulis, Giovanni"]
[Result "1-0"]
[WhiteElo "1908"]
[BlackElo "1888"]
[PlyCount "101"]
[EventDate "2007.08.17"]
[EventType "tourn (corr)"]
[EventRounds "6"]
[SourceTitle "Corr 2024"]
[Source "ChessBase"]
[SourceDate "2023.10.19"]
[SourceVersion "1"]
[SourceVersionDate "2023.10.19"]
[SourceQuality "1"]

1. d4 d5 2. Nf3 Nf6 3. e3 c5 4. c3 e6 5. Bd3 Nc6 6. Nbd2 Qc7 7. 0-0 Bd7 8. dxc5 Bxc5 9. Re1 0-0 10. Qc2 Rac8 11. Nb3 Be7 12. Nbd4 e5 13. Nxc6 Bxc6 14. Bf5 Rcd8 15. a4 g6 16. Bh3 Bd6 17. g3 Ne4 18. Bg2 f5 19. Rd1 g5 20. Nd2 g4 21. Nxe4 dxe4 22. b3 a5 23. c4 b6 24. Bb2 Rd7 25. Rd2 Rdf7 26. Rad1 Bb4 27. Bc3 Bc5 28. Qb2 Re7 29. Re1 Ree8 30. Qc2 Re6 31. h3 Qg7 32. hxg4 Qxg4 33. Qd1 Qg5 34. Bh3 Qh6 35. Kg2 Be8 36. Rd8 Bh5 37. Qd7 Bf3+ 38. Kg1 Rd6 39. Rxf8+ Qxf8 40. Qb7 Qe8 41. Bg2 Bg4 42. Bf1 h6 43. Rb1 Bf3 44. Re1 f4 45. Qc7 Qh5 46. Qc8+ Kg7 47. Bh3 fxg3 48. fxg3 Rf6 49. Qc7+ Rf7 50. Qxe5+ Qxe5 51. Bxe5+ 1-0

[Event "IECG CB.2007.0.00170 email"]
[Site "IECG email"]
[Date "2007.05.20"]
[Round "?"]
[White "Sulis, Giovanni"]
[Black "Bertel, Michael"]
[Result "0-1"]
[WhiteElo "1852"]
[BlackElo "1816"]
[PlyCount "58"]
[EventDate "2007.05.20"]
[EventType "tourn (corr)"]
[EventRounds "6"]
[SourceTitle "Corr 2024"]
[Source "ChessBase"]
[SourceDate "2023.10.19"]
[SourceVersion "1"]
[SourceVersionDate "2023.10.19"]
[SourceQuality "1"]

1. c4 e5 2. Nc3 Nf6 3. Nf3 Nc6 4. d4 exd4 5. Nxd4 Bb4 6. Nxc6 bxc6 7. Bg5 Bxc3+ 8. bxc3 0-0 9. e3 d5 10. Qd4 Rb8 11. Qxa7 Bf5 12. cxd5 cxd5 13. Qc5 Rb2 14. Be2 h6 15. Bh4 g5 16. Bg3 Ne4 17. Qa3 Qb8 18. Rc1 Re8 19. Bd1 Qb5 20. c4 dxc4 21. 0-0 c3 22. Bf3 Nxg3 23. hxg3 g4 24. Bd1 c2 25. Be2 Qb4 26. Qa6 Rb1 27. Qc6 Re6 28. Qxc7 Rxc1 29. Rxc1 Qd2 0-1

[Event "IECG CP.2003.P.00009 email"]
[Site "IECG email"]
[Date "2007.01.06"]
[Round "?"]
[White "Sulis, Giovanni"]
[Black "Ingersol, Harry"]
[Result "1/2-1/2"]
[WhiteElo "1661"]
[BlackElo "2350"]
[PlyCount "41"]
[EventDate "2003.10.01"]
[EventType "tourn (corr)"]
[EventRounds "6"]
[SourceTitle "Corr 2008"]
[Source "ChessBase"]
[SourceDate "2008.06.24"]
[SourceVersion "1"]
[SourceVersionDate "2008.06.24"]
[SourceQuality "1"]

1. c4 Nf6 2. Nf3 c5 3. Nc3 e6 4. e3 d5 5. d4 Nc6 6. cxd5 exd5 7. Bb5 Bd6 8. dxc5 Bxc5 9. 0-0 0-0 10. a3 Bg4 11. h3 Bxf3 12. Qxf3 Qd6 13. Rd1 Ne5 14. Qf5 Qe6 15. Qxe6 fxe6 16. b3 a6 17. Be2 Rac8 18. Bb2 Ned7 19. Rac1 Bd6 20. f3 Kf7 21. Ne4 1/2-1/2

[Event "IECG QB.2006.0.00083 email"]
[Site "IECG email"]
[Date "2006.12.29"]
[Round "?"]
[White "Sulis, Giovanni"]
[Black "Jordaan, Wayne"]
[Result "1-0"]
[WhiteElo "1801"]
[BlackElo "1831"]
[PlyCount "133"]
[EventDate "2006.12.29"]
[EventType "tourn (corr)"]
[EventRounds "6"]
[SourceTitle "Corr 2011"]
[Source "ChessBase"]
[SourceDate "2010.08.31"]
[SourceVersion "1"]
[SourceVersionDate "2010.08.31"]
[SourceQuality "1"]

1. b3 e5 2. Bb2 Nc6 3. e3 Nf6 4. Nf3 e4 5. Nd4 Nxd4 6. Bxd4 Be7 7. c4 0-0 8. Nc3 c5 9. Bxf6 Bxf6 10. Qc2 Re8 11. d3 b5 12. cxb5 d5 13. Rc1 Bb7 14. Na4 d4 15. Nxc5 dxe3 16. Nxb7 exf2+ 17. Kd1 Qe7 18. Qc7 exd3 19. Qxe7 Rxe7 20. Bxd3 Rxb7 21. Be4 Rd7+ 22. Ke2 Re8 23. Kf3 Rd2 24. Rhf1 h5 25. Rc4 Be5 26. Rxf2 Rxf2+ 27. Kxf2 Bxh2 28. g3 h4 29. gxh4 g6 30. a4 Rb8 31. Rc6 Kg7 32. Ra6 Be5 33. Ke3 Rd8 34. b4 Bd4+ 35. Kf4 Rh8 36. Kg3 Re8 37. Bf3 Re3 38. Rc6 Rb3 39. Rc4 Be5+ 40. Kg2 Rb2+ 41. Kf1 Rb1+ 42. Ke2 Rb2+ 43. Kd1 Rb1+ 44. Kd2 Bd6 45. Rd4 Bxb4+ 46. Kc2 Bc5 47. Rd5 Rf1 48. Rxc5 Rf2+ 49. Kd1 Rxf3 50. Rc7 a5 51. Ra7 Rf4 52. Rxa5 Rb4 53. Kc2 f5 54. Kc3 Rb1 55. Ra7+ Kh6 56. Rd7 g5 57. Rd6+ Kh5 58. hxg5 Kxg5 59. Rd4 f4 60. Kc2 Re1 61. b6 Re2+ 62. Rd2 Re8 63. a5 Rb8 64. Rd7 f3 65. Rf7 Kg4 66. b7 Kg3 67. a6 1-0

[Event "IECG QB.2006.0.00083 email"]
[Site "IECG email"]
[Date "2006.12.29"]
[Round "?"]
[White "Waerstad, Leif"]
[Black "Sulis, Giovanni"]
[Result "1-0"]
[WhiteElo "1627"]
[BlackElo "1801"]
[PlyCount "23"]
[EventDate "2006.12.29"]
[EventType "tourn (corr)"]
[EventRounds "6"]
[SourceTitle "Corr 2024"]
[Source "ChessBase"]
[SourceDate "2023.10.19"]
[SourceVersion "1"]
[SourceVersionDate "2023.10.19"]
[SourceQuality "1"]

1. e4 d5 2. exd5 Nf6 3. d4 Nxd5 4. c4 Nf6 5. Nc3 e6 6. Nf3 Bb4 7. a3 Bxc3+ 8. bxc3 c5 9. Be2 Nc6 10. 0-0 cxd4 11. cxd4 Nxd4 12. Qxd4 1-0

[Event "IECG CC.2006.0.00144 email"]
[Site "IECG email"]
[Date "2006.12.24"]
[Round "?"]
[White "Sulis, Giovanni"]
[Black "Eshuis, Hans"]
[Result "1/2-1/2"]
[WhiteElo "1790"]
[BlackElo "1751"]
[PlyCount "55"]
[EventDate "2006.12.24"]
[EventType "tourn (corr)"]
[EventRounds "6"]
[SourceTitle "Corr 2011"]
[Source "ChessBase"]
[SourceDate "2010.08.31"]
[SourceVersion "1"]
[SourceVersionDate "2010.08.31"]
[SourceQuality "1"]

1. c4 Nf6 2. d4 e6 3. Nf3 d5 4. Nc3 c6 5. e3 Nbd7 6. Qc2 Bd6 7. Bd3 0-0 8. 0-0 dxc4 9. Bxc4 e5 10. Re1 h6 11. Bd2 Re8 12. Bd3 Qe7 13. Ne4 Nxe4 14. Bxe4 f5 15. Bxf5 e4 16. Bxd7 Qxd7 17. Ne5 Bxe5 18. dxe5 Rxe5 19. Bc3 Re8 20. Red1 Qf7 21. Rd6 Bg4 22. h3 Bf5 23. a3 a6 24. g4 Bh7 25. Rad1 Re7 26. Rd8+ Rxd8 27. Rxd8+ Re8 28. Qd1 1/2-1/2